Problémy výnosových metod při odhadu hodnoty podniku

Metódy výnosové a ich využitie pri odhade trhovej hodnoty firiem. Problémy, ktoré sú spojené s ich využívaním v praxi. Diskontná miera. Využitie modelu CAPM (Capital Asset Pricing Model). Systematické riziko.

Salvato in:
Dettagli Bibliografici
Autore principale: Kislingerová, Eva
Natura: Capitolo di libro
Lingua:ceco
Soggetti:
Tags: Aggiungi Tag
Nessun Tag, puoi essere il primo ad aggiungerne!!

MARC

LEADER 00000naa$a2200000$$$4500
001 0014295
005 20221128113033.5
041 0 |a cze 
044 |a SK 
245 1 0 |a Problémy výnosových metod při odhadu hodnoty podniku  |c aut. Eva Kislingerová 
520 |a Metódy výnosové a ich využitie pri odhade trhovej hodnoty firiem. Problémy, ktoré sú spojené s ich využívaním v praxi. Diskontná miera. Využitie modelu CAPM (Capital Asset Pricing Model). Systematické riziko. 
610 2 0 |a výkonnosť 
610 2 0 |a podnik 
610 2 0 |a výnosy podnikové 
610 2 0 |a model CAPM 
610 2 0 |a odhad hodnoty 
610 2 0 |a hodnota podniku 
610 2 0 |a odhady 
610 2 0 |a oceňovanie 
610 2 0 |a náklady vlastné 
610 2 0 |a trh kapitálový 
610 2 0 |a papiere cenné 
610 2 0 |a dlhopisy štátne 
610 2 0 |a Česko 
100 1 |a Kislingerová, Eva